Statistics for Countries Closest to Canada - One Minute Sprint

Click here to take the quiz!

General Stats

  • This quiz has been taken 193 times
  • The average score is 13 of 20

Answer Stats

kmCountrymiles% Correct
0United States0
100%
1809Mexico1124
95%
1238Russia769
89%
26Greenland (Denmark)16
87%
1232Bermuda (United Kingdom)765
80%
2065Cuba1283
79%
8St Pierre and Miquelon (France)5
72%
1657Bahamas1030
71%
1638Iceland1018
70%
2733Guatemala1698
66%
2582Haiti1604
66%
2625Jamaica1631
63%
2644Dominican Republic1643
62%
2642Belize1642
59%
2823Honduras1754
51%
2200Norway1367
49%
2352Sweden1461
41%
2342Finland1455
36%
2832Sint Maarten (Netherlands)1760
31%
1928Azores (Portugal)1198
30%

Score Distribution

Percentile by Number Answered

Percent of People with Each Score

Your Score History

You have not taken this quiz